000 00503 a2200217 4500
260 _bFAO
245 _aRésidus de pesticides dans les produits alimentaires
440 _v11
300 _a40p.
260 _aRome
440 _aEtude FAO : production végétale et protection des plantes
260 _c1979
130 _lFr.
710 _aFAO
690 _aproduit alimentaire
690 _apesticide
690 _atoxicologie
020 _a92-5-200652-4
999 _c20924
_d20924